| 000 | 00639nam a22002057a 4500 | ||
|---|---|---|---|
| 005 | 20220420115022.0 | ||
| 008 | 220420b ||||| |||| 00| 0 eng d | ||
| 020 | _a9781484242773 | ||
| 040 | _cAIMIT LIBRARY | ||
| 082 |
_21 _a006.671 _bLECR |
||
| 100 |
_aLecessi, Ralph. _930529 |
||
| 245 |
_aFunctional interfaces in java : _bfundamentals and examples / _cBy Ralph Lecessi. |
||
| 250 | _a1st ed. | ||
| 260 |
_aLondon : _bApress , _c2022 |
||
| 300 |
_axvii,410p, ; _bPB _c26.5 cm. |
||
| 650 |
_aFunctional interfaces _930530 |
||
| 650 |
_aLambda expressions _930531 |
||
| 650 |
_aPredicates _930532 |
||
| 942 |
_2ddc _cBK _e1st _k006.671 LECR |
||
| 999 |
_c222505 _d222505 |
||